000 00492nam a22001337a 4500
082 _a954.91
_bMAL
_cN-02,P-100
100 _aMalik, Dr Nadeem Shafiq
_951823
245 _aپاکستان میں حزب اختلاف کی سیاست
_bAir Marshal (r) Asghar khan tahreek istaqlal aur zulfiqar ali bhatto ka dore hakamot 1971 ta 1977
260 _aLahore,
_bFiction house,
_c2016.
300 _a144p.
526 _a0
_b0
_c0
_d954_910000000000000_MAL
650 _aPolitics
_951824
942 _2ddc
_cBK
999 _c554369
_d554369